00620nam a22001937a 4500003000500000005001700005008004100022010001100063011001100074035001100085040000900096100003800105245008700143260003800230300002000268502006700288650004100355650003000396CHAP20220329143742.0110607s1968 mx r 00010 spa d a101434 a102406 a113094 cCHAP1 aRocha González, Manuel Gerardo.14aLas finanzas publicas del Estado de Méxicoc/por Manuel Gerardo Rocha González aMéxico, D.F. :bEl autor,c1968 a217 h. :bilus. aTesis (Lic. en Economia) -- UNAM. Escuela Nacional de Economia14aFinanzas públicasxMéxico (Edo.)14aIngresosxMéxico (Edo.)